HAÇLI SEFERLERİNDE KUŞATMA (Kayıt no. 1050328)

MARC ayrıntıları
000 -LEADER
sabit uzunluktaki kontrol alanı 00255nam a2200097Ia 4500
001 - KONTROL NUMARASI
kontrol alanı 1050328
005 - EN SON İŞLEMİN TARİH VE ZAMANI
kontrol alanı 20250827001206.0
008 - SABİT-UZUNLUKTA VERİ ÖĞELERİ--GENEL BİLGİ
sabit uzunluktaki kontrol alanı 250824s9999 xx 000 0 und d
245 #0 - ESER / YAZAR
ESER ADI HAÇLI SEFERLERİNDE KUŞATMA
Yazar Adı AYDIN USTA
260 ## - YAYIN, DAĞITIM, VB.
YAYIN EVİ YEDİTEPE YAYINLARI
Mevcut
Düşüm durumu Kayıp durumu Hasar Durumu Ödünç verilmez Ana kütüphane Geçerli Kütüphane Edinilen tarih Toplam ödünç verme sayısı Barkod Son görüntüleme tarihi Fiyatın geçerli olmaya başladığı tarih Koha materyal türü
        M. HALİL İBRAHİM HEKİMOĞLU ANADOLU LİSESİ M. HALİL İBRAHİM HEKİMOĞLU ANADOLU LİSESİ 24.08.2025   10771721 27.08.2025 27.08.2025 Kitaplar
Gemini Bilgi Teknolojileri A.Ş. tarafından düzenlenmiştir.